| 000 | 006710000a22001690004500 | ||
|---|---|---|---|
| 010 | _a2002011329 | ||
| 020 | _a0807553050 : | ||
| 100 | _aCocca-Leffler, Maryann, | ||
| 245 | _aMr. Tanen's tie trouble / | ||
| 260 |
_aMorton Grove, Ill. : _bAlbert Whitman & Company, _c12/30/1899 |
||
| 300 | _a1 v. (unpaged) : col. ill. ; 27 cm. | ||
| 500 | _aMr. Tanen loves his ties, but when his school runs out of money to build a new playground, he decides to sell his ties in order to raise the needed money. | ||
| 650 | _aSchool principals Fiction. | ||
| 650 | _aNeckties Fiction. | ||
| 650 | _aGenerosity Fiction. | ||
| 852 | _oE COC | ||
| 999 |
_c33276 _d33276 |
||